| 000 | 00380nam a22001577a 4500 | ||
|---|---|---|---|
| 003 | SGT | ||
| 020 | _a9788123906140 | ||
| 082 |
_a615.16 _bP24V |
||
| 100 | _aVYAS, S.P. | ||
| 245 | _aPHARMACEUTICAL BIOTECHNOLOGY | ||
| 260 |
_aNEW DELHI _bCBS. PUB. _c2024 |
||
| 300 | _a674 | ||
| 650 | _aPHARMACEUTICAL BIOTECHNOLOGY | ||
| 653 | _aPHARMACEUTICAL, BIOTECHNOLOGY | ||
| 942 |
_2ddc _cBK |
||
| 999 |
_c27099 _d27099 |
||